Infiltration measurements on undisturbed soil cores
Đã lưu trong:
| 主要作者: | |
|---|---|
| 格式: | 圖書 |
| 語言: | Undetermined |
| 出版: |
Cần Thơ
Viện Đại Học Cần Thơ - Đại Học Nông Nghiệp
1974
|
| 主題: | |
| 標簽: |
添加標簽
沒有標簽, 成為第一個標記此記錄!
|
| Thư viện lưu trữ: | Trung tâm Học liệu Trường Đại học Cần Thơ |
|---|
| LEADER | 00605nam a2200181Ia 4500 | ||
|---|---|---|---|
| 001 | CTU_33572 | ||
| 008 | 210402s9999 xx 000 0 und d | ||
| 082 | |a 631.4 | ||
| 082 | |b V121 | ||
| 100 | |a Huỳnh Long Vân | ||
| 245 | 0 | |a Infiltration measurements on undisturbed soil cores | |
| 245 | 0 | |c Huỳnh Long Vân | |
| 260 | |a Cần Thơ | ||
| 260 | |b Viện Đại Học Cần Thơ - Đại Học Nông Nghiệp | ||
| 260 | |c 1974 | ||
| 650 | |a clay soils,histosols,sandy soil,soil moisture,soil science | ||
| 904 | |i Minh, 991103 | ||
| 980 | |a Trung tâm Học liệu Trường Đại học Cần Thơ | ||